[Event "20th Dubai Open 2018"]
[Site "Dubai"]
[Date "2018.04.10"]
[Round "9"]
[White "Maghsoodloo, Parham"]
[Black "Tahbaz, Arash"]
[Result "1/2-1/2"]
[WhiteElo "2615"]
[BlackElo "2434"]
[Annotator "TA"]
[PlyCount "79"]
[EventDate "2018.??.??"]
[EventType "swiss"]
[EventCountry "UAE"]
[SourceTitle "playchess.com"]
[Source "ChessBase"]
[SourceQuality "1"]

{[%evp 28,79,45,45,87,87,87,87,106,87,93,102,93,100,95,73,81,64,66,60,63,55,103,84,93,30,30,30,30,30,30,30,30,30,23,21,16,13,27,19,66,0,0,0,0,0,0,-558,0,0,0,-501,0,0]} 1. Nf3 Nf6 2. c4 c5 3. Nc3 g6 4. e4 Nc6 5. d4 cxd4 6. Nxd4 Nxd4 7. Qxd4 d6 8. Be3 Bg7 9. f3 O-O 10. Qd2 Be6 11. Rc1 Qa5 12. b3 {B36: Sicilian: Maroczy Bind: Gurgenidze System} a6 (12... Rfc8 13. Be2 a6 14. Na4 Qxd2+ 15. Kxd2 Nd7 16. g4 f5 17. gxf5 gxf5 18. Rhg1 Kh8 19. Bd3 f4 20. Bf2 Bf6 21. Nb6 Nxb6 22. Bxb6 Rg8 23. a4 Rxg1 24. Rxg1 a5 {½-½ (75) Malakhov,V (2686)-Guseinov,G (2646) Riadh 2017}) 13. Nd5 Qxd2+ 14. Kxd2 Bxd5 15. cxd5 {LiveBook: 4 Games} Rfc8 16. Rxc8+ Rxc8 17. g3 e6 18. Bh3 Re8 19. dxe6 fxe6 20. Rc1 $146 {Threatens to win with Rc7.} Kf7 21. Kd3 Re7 22. f4 h5 23. Rc8 Rd7 24. a4 d5 25. e5 Ng4 26. Bxg4 (26. Bg1 $16) 26... hxg4 $16 {[%mdl 4096] Endgame KRB-KRB} 27. Kd4 Bf8 28. Bd2 Be7 29. b4 Bd8 30. Kd3 Bb6 31. a5 Bd8 32. Be3 Be7 33. Bc5 Bd8 34. Bd6 (34. Ra8 $1 $14) 34... g5 $11 35. fxg5 Bxg5 36. Rf8+ Kg6 37. Re8 $2 {[%mdl 8192] [#]} (37. Rg8+ $11 {and White is okay.} Kf5 38. Rf8+ Kg6 39. Rg8+ Kf5 40. Rf8+ Kg6) 37... Kf5 $2 (37... Rd8 $1 $19 {[%cal Rd8e8]} 38. Rxd8 Bxd8) 38. Rf8+ Kg6 39. Re8 $2 {[%mdl 8192] [#]} (39. Rg8+ $11 {and White stays safe.} Rg7 40. Rf8) 39... Kf5 $2 (39... Rd8 $1 $19 {[%cal Rd8e8]} 40. Rxd8 Bxd8) 40. Rf8+ {Precision: White = 68%, Black = 57%.} 1/2-1/2

[Event "20th Dubai Open 2018"]
[Site "Dubai"]
[Date "2018.04.10"]
[Round "9"]
[White "Zubov, Alexander"]
[Black "Harsha, Bharathakoti"]
[Result "1/2-1/2"]
[WhiteElo "2606"]
[BlackElo "2424"]
[Annotator "TA"]
[PlyCount "123"]
[EventDate "2018.??.??"]
[EventType "swiss"]
[EventCountry "UAE"]
[SourceTitle "playchess.com"]
[Source "ChessBase"]
[SourceQuality "1"]

{[%evp 19,123,0,18,-22,-22,-15,15,0,27,-4,0,0,0,-52,-2,-6,0,0,11,0,14,0,13,12,32,7,7,8,13,11,22,7,19,14,19,0,22,15,18,14,34,9,14,0,23,18,20,16,25,0,27,25,32,0,31,27,47,45,141,134,133,126,133,92,106,112,394,339,300,260,366,141,165,160,153,148,151,108,160,205,227,0,0,0,4,0,149,0,0,0,0,0,0,0,0,0,0,0,0,0,0,0,0,0,0,0]} 1. e4 e5 2. Nf3 Nc6 3. Bc4 Bc5 4. c3 Nf6 5. d3 a6 6. Bg5 h6 7. Bh4 d6 8. Bb3 {C54: Giuoco Piano: 4 c3 Nf6, main lines with 5 d4 and 5 d3} (8. Nbd2 Ba7 9. O-O g5 10. Bg3 Qe7 11. Kh1 Nh5 12. a4 Nf4 13. b4 Ng6 14. Ne1 Nd8 15. Nc2 Ne6 {0-1 (46) Demchenko,A (2660)-Anand,V (2782) Riadh 2017}) 8... g5 9. Bg3 Ba7 10. Nbd2 Qe7 {LiveBook: 3 Games} 11. Nf1 Be6 $146 ({Predecessor:} 11... Nh5 12. Nxe5 Nxg3 13. Bxf7+ Kd8 14. Nxc6+ bxc6 15. Nxg3 Qxf7 16. Rf1 {0-1 (32) Ungure,L (1997)-Pein,M (2357) Vilnius 2014}) 12. Ba4 b5 13. Bb3 a5 14. a4 b4 15. N1d2 Rb8 16. Bc4 (16. O-O $11) 16... bxc3 17. bxc3 Bxc4 18. Nxc4 Qe6 {Black wants to play ...Nxe4!} 19. Qe2 O-O 20. O-O Rb3 21. Rfc1 Bc5 22. Kh1 Re8 23. Nfd2 Rb7 24. Re1 Kh7 25. Qd1 Kg7 26. Nb3 Bb6 $1 27. Nbd2 Bc5 28. Nf1 Reb8 29. Rc1 Rb3 30. Nfd2 R3b7 31. Qe2 Rd8 32. Red1 Re8 33. Nf3 Ba7 34. Re1 Rb3 35. Nfd2 Rb7 36. h3 Kg6 37. Bh2 Bc5 38. Nf1 d5 (38... Nd7 $14) 39. exd5 $16 Qxd5 40. Bxe5 {And now d4 would win.} Bxf2 41. Nfe3 Bxe3 42. Bxf6 $1 Qe6 $2 {[%mdl 8192]} (42... Bxc1 $16 {keeps fighting.} 43. Qxe8 Rb8 44. Qxc6 Qxc6 45. Ne5+ Kxf6 46. Nxc6 Rb6) 43. Nxe3 {aiming for Qf3.} Qxf6 44. d4 Rbb8 (44... Nd8 {was worth a try.} 45. Qd3+ Kg7 46. Nf5+ Kf8 47. Rxe8+ Kxe8 48. Qe4+ Kf8) 45. Qd3+ $2 (45. Rf1 $18 {and the rest is easy.} Qe6 46. Rce1) 45... Kg7 46. Rf1 Qg6 47. Nf5+ Kh7 48. Qc4 Qe6 {[#]} (48... Re4 $142) 49. Qc5 $1 ({But not} 49. d5 $6 Ne5 $14) 49... Rb2 50. Rce1 $2 ({Better is} 50. Ng3 $18 Nd8 51. Qxa5) 50... Qxe1 $11 51. Rxe1 Rxe1+ 52. Kh2 {Qf8 is the strong threat.} Kg6 {[#]} (52... Rf2 $11) 53. Qxc6+ (53. Qf8 $1 $16 {[%cal Rf8g7] Qg7+ would kill now.} Nd8 54. Qxd8 Kxf5 55. Qxc7) 53... Kxf5 {The position is equal.} 54. Qxc7 $16 {[%mdl 4096] Endgame KQ-KRR} Kg6 55. Qxa5 {Black must now prevent Qa8.} h5 56. Qa6+ Kg7 57. Qa5 Kg6 58. Qa8 {Threatens to win with Qg8+.} h4 59. Qg8+ Kf6 60. Qd8+ Kg6 61. Qg8+ Kf6 62. Qd8+ {Precision: White = 51%, Black = 39%.} 1/2-1/2

[Event "20th Dubai Open 2018"]
[Site "Dubai"]
[Date "2018.04.10"]
[Round "9"]
[White "Tabatabaei, M.Amin"]
[Black "Arjun, Kalyan"]
[Result "1/2-1/2"]
[WhiteElo "2605"]
[BlackElo "2397"]
[Annotator "TA"]
[PlyCount "180"]
[EventDate "2018.??.??"]
[EventType "swiss"]
[EventCountry "UAE"]
[SourceTitle "playchess.com"]
[Source "ChessBase"]
[SourceQuality "1"]

{[%evp 21,180,0,13,0,0,0,0,0,9,0,5,-2,17,0,0,0,0,0,25,23,25,0,0,0,0,0,0,0,0,0,0,0,0,-7,9,9,10,3,5,10,8,0,0,0,0,0,27,8,9,9,9,9,51,0,0,0,51,0,0,0,0,0,8,8,8,8,8,8,8,0,0,0,0,0,0,0,0,0,0,0,94,94,94,94,94,94,94,94,94,94,94,78,87,94,94,94,94,94,94,94,94,94,94,94,94,94,94,94,94,94,94,94,127,127,125,118,125,126,133,140,161,161,198,153,158,145,133,127,133,94,116,123,126,0,127,127,126,126,126,126,150,146,154,126,126,0,127,126,120,0,95,0,0,0,0,0,0,-90,0,0,0]} 1. e4 e5 2. Nf3 Nc6 3. Bb5 a6 4. Ba4 Nf6 5. d3 d6 6. O-O b5 7. Bb3 Be7 8. a3 {C84: Closed Ruy Lopez: Unusual White 6th moves} (8. c3 O-O 9. h3 Bb7 10. Nbd2 Re8 11. Ng5 Rf8 12. Re1 d5 13. exd5 Nxd5 14. Ndf3 Qd7 15. d4 exd4 16. cxd4 h6 {1-0 (44) Grischuk,A (2767)-So,W (2799) Berlin 2018}) 8... Na5 9. Ba2 c5 10. Nc3 Be6 11. Bg5 Nc6 {LiveBook: 3 Games} 12. h3 O-O 13. Bxf6 Bxf6 14. Nd5 g6 {[#]} 15. b4 $146 ({Predecessor:} 15. c3 Bg7 {1-0 (45) Lin,C (2516)-Hansen,M (2344) Barcelona 2016}) 15... Bg7 16. Qd2 Ne7 17. Nxe7+ Qxe7 18. Bxe6 Qxe6 19. a4 c4 20. axb5 axb5 21. Ng5 Qc8 22. Rxa8 Qxa8 23. dxc4 bxc4 24. Qxd6 h6 25. Nf3 $1 {[%cal Rf3e5]} Qxe4 26. Rc1 c3 27. Qc5 Qb7 28. Nxe5 Rc8 29. Qd6 Bxe5 30. Qxe5 {With the idea b5.} Qxb4 $11 {[%mdl 4096] Endgame KQR-KQR} 31. Rd1 Qa4 32. Qe2 Re8 33. Qd3 Qa5 34. h4 h5 35. g3 Qe5 36. Kf1 Re6 37. Qd8+ Re8 38. Qd3 Re6 39. Qd8+ (39. Qc4 $14) 39... Re8 40. Qd7 Qe2+ (40... Qe4 $5 41. Kg1 $8 Ra8 $11) 41. Kg1 Re6 42. Qd3 Kh7 43. Kg2 Kg8 44. Rc1 Qe5 45. Rd1 Qe2 46. Kg1 Kh7 47. Rc1 Qe5 48. Qc4 Qf5 49. Kg2 Rf6 50. Qd4 Re6 (50... Qf3+ $11 51. Kg1 Rf5) 51. Qxc3 $16 Rf6 52. Qd4 $1 Qf3+ 53. Kg1 Qc6 54. c4 Rd6 55. Qc3 Qc5 56. Qf3 (56. Qe3 {looks sharper.} Rd4 57. Qg5 Qc6 58. c5 Rd5 59. Qf4) 56... Kg7 57. Qe2 Rc6 58. Qb2+ Kh7 59. Kg2 Rc8 60. Qb7 Rc7 61. Qe4 Kg7 62. Rc3 Kh7 63. Qe3 Qc6+ 64. Kg1 Qd6 65. c5 Qd5 66. Qg5 Qd4 67. Rc1 Rc6 68. Qf4 Qd5 69. Qc4 Qf5 70. Qd4 Qc8 71. Qd5 Qc7 72. Kg2 Kg8 73. Rc3 Kg7 74. Qd4+ Kh7 75. Qf4 Qd7 76. Qe4 Qc7 77. Qd5 Kg7 $1 78. Rc4 Kg8 79. Qd4 Kh7 80. Rc3 Qe7 81. Qd5 Qc7 82. Kf1 Kg8 83. Ke2 ({White should play} 83. Rc2 $16) 83... Qe7+ {[#]} (83... Qb7 $11 84. Kf1 Qc8) 84. Kf3 $1 Qc7 {[#]} 85. Rc4 (85. Rc2 $1 $16) 85... Kh7 (85... Rf6+ $1 $11 86. Kg2 Rc6) 86. Ke3 ({Better is} 86. Rc1 $16) 86... Qe7+ $11 87. Kd3 Rc8 {Strongly threatening ...Rd8.} 88. Qe4 Qd7+ 89. Kc2 (89. Kc3 $11 {keeps the balance.}) 89... Rc6 (89... Rd8 $17 {Threatens to win with ...Qd1+.} 90. f3 Qd2+ 91. Kb3 Rd3+ 92. Ka4 Re3) 90. Qd3 Qa7 {Precision: White = 59%, Black = 65%.} 1/2-1/2

[Event "20th Dubai Open 2018"]
[Site "Dubai"]
[Date "2018.04.10"]
[Round "9"]
[White "Flores, Diego"]
[Black "Ganguly, Surya Shekhar"]
[Result "1-0"]
[WhiteElo "2601"]
[BlackElo "2642"]
[Annotator "TA"]
[PlyCount "115"]
[EventDate "2018.??.??"]
[EventType "swiss"]
[EventCountry "UAE"]
[SourceTitle "playchess.com"]
[Source "ChessBase"]
[SourceQuality "1"]

{[%evp 18,115,17,15,46,5,0,-8,-9,-19,-2,-85,-89,-74,-64,-68,-18,-15,-24,-26,0,-7,20,0,27,0,0,0,0,0,0,-32,0,-12,0,0,0,-62,-7,-7,0,-169,-141,-188,132,131,139,136,146,145,112,106,158,47,213,143,171,143,138,121,128,70,70,83,76,75,143,145,173,0,98,0,132,132,175,0,0,0,26,37,151,98,188,206,267,262,290,291,281,270,664,658,29968,29968,29966,29966,29963,29963,29974,29975]} 1. c4 e5 2. g3 Nf6 3. Bg2 d5 4. cxd5 Nxd5 5. Nf3 Nc6 6. O-O Nb6 7. b3 Bd6 8. Bb2 O-O 9. d3 Bg4 {A20: English Opening: 1...e5} (9... Re8 10. Nbd2 Bg4 11. h3 Bf5 12. Rc1 Qd7 13. Kh2 Rad8 14. a3 a5 15. Nh4 Be6 16. Nc4 Nxc4 17. bxc4 {0-1 (70) Nakamura,H (2779)-Vachier Lagrave,M (2804) Doha 2016}) 10. Nbd2 {LiveBook: 5 Games} f5 $146 ({Predecessor:} 10... Qe7 11. a3 a5 12. h3 Bh5 13. e4 Bc5 14. Qc2 Rfd8 15. Rfc1 Nd7 16. Nh4 Ba7 17. Nf5 {1-0 (31) Gurevich,M (2656)-Rublevsky,S (2655) France 2004}) 11. Rc1 Qe7 {The position is equal.} 12. Nc4 Nxc4 13. Rxc4 Rae8 14. Rxg4 (14. h3 $11 Bh5 15. Rh4) 14... fxg4 $17 15. Nd2 Qd7 16. Nc4 Nd4 17. Bxb7 c6 18. Ba6 $1 Bc7 19. Nd2 Rf6 20. Ne4 Rh6 21. Bc1 Rg6 22. Be3 Kh8 23. Bxd4 exd4 24. Bc4 Rf8 25. Qc1 Bd6 26. Qa1 Be7 27. e3 ({White should play} 27. f3 $11) 27... Qf5 (27... c5 $15) 28. Qxd4 $11 Qh5 {aiming for ...Rh6.} 29. f4 $2 (29. Qxa7 $11 Rh6 30. h4 Bxh4 31. Bf7) 29... gxf3 $19 30. Qxa7 Qh3 $2 (30... Rh6 $1 $19 {[%csl Gh6][%cal Rh5h2]} 31. Rf2 Bb4) 31. Rf2 $36 {[%mdl 2048] Black is under strong pressure.} Bb4 32. a3 $1 {[%cal Ra3b4]} Bd6 33. Nxd6 Rxd6 {[#]} 34. Rxf3 $1 {[%cal Rf3f8][%mdl 512]} Qc8 (34... Rxf3 35. Qb8+) 35. Qc7 (35. Rf4 $1 $16) 35... Qa8 $2 (35... Qe8 $1 $14) 36. Qa5 Qe8 37. Qe5 Qd8 38. Rxf8+ Qxf8 {[%mdl 4096] Endgame KQR-KQB} 39. Qc5 (39. a4 $16) 39... Qf6 $14 40. d4 Rd8 41. Qe5 Qf8 (41... Qg6 $142) 42. a4 $16 Re8 43. Qh5 $2 (43. Qf4 $18) 43... Qe7 (43... Rxe3 $11 44. a5 g6) 44. Qe5 (44. Qf3 $16) 44... Qd8 (44... Qf8 $11 {keeps the balance.} 45. Qf4 Qb4) 45. Qf4 Qa5 {[#]} 46. Bf1 $2 (46. Kg2 $1 $18) 46... Qd2 $11 47. Qf2 Qb4 48. Bc4 h6 (48... Rf8 $1 $14 49. Qe2 Qc3) 49. Kg2 (49. h4 $142) 49... Rf8 (49... Qe7 $16 {might work better.}) 50. Qe2 $18 Qe7 51. e4 {[%cal Be3e4,Be4e5,Be5e6,Be6e7][%mdl 32]} Qd7 52. Qe3 Rd8 53. e5 Qg4 $2 (53... Qxd4 54. Qxd4 Rxd4) 54. e6 {Strongly threatening e7.} Rxd4 55. e7 {White mates.} Qe4+ 56. Kf2 Qf5+ 57. Qf3 Qc2+ {[#]} 58. Be2 $1 {Precision: White = 50%, Black = 33%.} 1-0

[Event "20th Dubai Open 2018"]
[Site "Dubai"]
[Date "2018.04.10"]
[Round "9"]
[White "Can, Emre"]
[Black "Amin, Bassem"]
[Result "1-0"]
[WhiteElo "2590"]
[BlackElo "2700"]
[Annotator "TA"]
[PlyCount "87"]
[EventDate "2018.??.??"]
[EventType "swiss"]
[EventCountry "UAE"]
[SourceTitle "playchess.com"]
[Source "ChessBase"]
[SourceQuality "1"]

{[%evp 27,87,38,29,10,20,16,12,14,26,19,35,16,20,22,38,12,14,0,23,32,28,0,4,-10,-7,0,8,0,330,319,341,335,425,425,411,410,385,398,373,372,725,731,722,700,627,78,74,71,177,172,164,166,158,153,151,0,987,979,946,900,29977,12329]} 1. d4 Nf6 2. c4 g6 3. Nc3 Bg7 4. e4 d6 5. Be2 O-O 6. Be3 c5 7. dxc5 Qa5 8. Bd2 Qxc5 9. Nf3 Bg4 10. Be3 Qa5 11. O-O Nc6 12. a3 Rfc8 {E74: King's Indian: Averbakh Variation: 6...c5} 13. b4 Qd8 14. Qb3 Nd7 {LiveBook: 6 Games. White is slightly better.} 15. Rfd1 Nce5 16. Nxe5 Bxe2 17. Nxe2 {Nxf7 is the strong threat.} Bxe5 $146 ({Find the theoretical novelty and annotate with similar games:} 17... Nxe5 18. Rac1 Qe8 19. f3 a6 20. Nf4 {0-1 (33) Burnett,A (2211)-Nasanjargal,U (2381) Pardubice 2017}) 18. Rac1 Qc7 19. Nf4 Bxf4 20. Bxf4 Qc6 21. Qd3 b6 22. Qd4 Nf8 {Strongly threatening ...e5.} 23. Bh6 {[%csl Gh6][%cal Rd4g7]} Ne6 24. Qe3 Qa4 25. Rf1 a5 26. f4 {[%cal Bf2f4,Bf4f5][%mdl 32]} axb4 27. f5 Nd8 $2 {[%mdl 8192]} (27... Ng7 $1 $11 {and Black stays safe.} 28. e5 Qxa3) 28. Qd4 $1 $18 {[%csl Gh6][%cal Rd4g7]} f6 {aiming for ...Nf7.} 29. fxg6 hxg6 {[#]} 30. Rxf6 $1 ({Inferior is} 30. axb4 Qxb4 31. Rxf6 exf6 $15) 30... exf6 31. Qxf6 {[%csl Gh6][%cal Rf6g7]} Rc7 32. Qxg6+ Kh8 {[#]} 33. Rf1 $1 {[%cal Rf1f8]} Nc6 $2 (33... Ne6) 34. Bg5 {Bf6+ would kill now.} Rg7 35. Bf6 {[%csl Gf6][%cal Rg6g7]} Qa7 36. Qh5+ $2 $40 {[%mdl 128] White goes for the king.} (36. Qh6+ $18 {and White stays clearly on top.} Kg8 37. Rf5 (37. Bxg7 Qxg7 38. Qxd6 Qd4+ 39. Qxd4 Nxd4 $11) 37... b5+ 38. c5) 36... Kg8 $16 37. Bxg7 Qxg7 (37... b5+ $16 {was worth a try.} 38. Kh1 Qxg7) 38. Qd5+ $18 Kh8 39. Qxc6 Rg8 {[%csl Gg8][%cal Rg7g2]} 40. e5 $1 {And now Rf4 would win.} bxa3 41. Rf4 $2 (41. Qf3 $16) 41... Qxe5 $2 {[%mdl 8192]} (41... Qh6 $11 42. Qe4 a2) 42. Rh4+ Kg7 43. Qb7+ Kg6 44. Qh7+ {Precision: White = 58%, Black = 46%.} 1-0

[Event "20th Dubai Open 2018"]
[Site "Dubai"]
[Date "2018.04.10"]
[Round "9"]
[White "Narayanan S L"]
[Black "Safarli, Eltaj"]
[Result "0-1"]
[WhiteElo "2568"]
[BlackElo "2653"]
[Annotator "TA"]
[PlyCount "94"]
[EventDate "2018.??.??"]
[EventType "swiss"]
[EventCountry "UAE"]
[SourceTitle "playchess.com"]
[Source "ChessBase"]
[SourceQuality "1"]

{[%evp 14,94,34,29,35,40,46,54,45,32,90,81,110,97,104,105,130,129,119,56,94,78,83,41,14,39,50,0,0,0,41,50,47,47,35,0,9,-49,-8,-301,-320,-316,-322,-311,-301,-281,-285,-584,0,-364,-366,-472,-474,-459,-442,-384,-356,-834,-834,-784,0,0,0,-784,-784,-784,-743,-784,-784,-784,-784,-784,-770,-769,-769,-769,-768,-762,-762,-747,-740,-725,-707]} 1. d4 Nf6 2. c4 g6 3. Nc3 d5 4. Nf3 Bg7 5. h4 (5. Qb3 dxc4 6. Qxc4 O-O 7. e4 Nc6 8. Be2 e5 9. d5 Nd4 10. Nxd4 exd4 11. Qxd4 c6 12. Qc4 b5 13. Qxc6 Bd7 14. Qd6 Re8 15. Bd3 a5 16. f3 {0-1 (38) Navara,D (2726)-Vachier Lagrave,M (2794) Germany 2018}) 5... c6 6. Bg5 {D90: Grünfeld: 4 Nf3 Bg7 sidelines} Ne4 7. e3 Qa5 8. Qb3 {LiveBook: 3 Games. White is slightly better.} h6 $146 ({Predecessor:} 8... dxc4 9. Bxc4 Nd6 10. h5 Nxc4 11. Qxc4 h6 12. Bf4 Be6 {½-½ (51) Wieczorek,O (2460)-Krykun,Y (2350) Riga 2017}) 9. Bf4 Nxc3 10. bxc3 Be6 11. Bd3 Nd7 (11... dxc4 $14 12. Bxc4 Bxc4 13. Qxc4 Nd7) 12. Qxb7 $16 Qxc3+ 13. Ke2 O-O {Strongly threatening ...Rab8!} 14. Rhc1 Qa3 {Threatening ...dxc4.} 15. cxd5 ({Worse is} 15. Qxc6 Rac8 $17) 15... cxd5 16. Qa6 (16. Qb3 $1 $16 {[%cal Rb3a3]} Qxb3 17. axb3) 16... Qb2+ $1 $14 17. Nd2 $1 {aiming for Rab1.} Rac8 18. Rab1 Qxc1 19. Rxc1 Rxc1 20. Qxa7 Rg1 $1 21. a4 Rxg2 22. a5 Bg4+ 23. Kf1 Bh3 24. Ke2 (24. Bf5 $5 gxf5 25. Qxd7 $11) 24... e5 25. dxe5 (25. Bb5 $1 $11) 25... Nxe5 26. Bg3 $2 {[%mdl 8192]} (26. Bb5 $1 $11 {and White stays safe.}) 26... Bg4+ $19 27. Kf1 Rxg3 $1 28. fxg3 {And now Be2 would win.} Nxd3 29. a6 Rc8 30. Nb3 $2 (30. Qb7 {is the only way for White.} Nc5 31. Qb6) 30... d4 $2 (30... Bf3 $19 {...Rc2 is the strong threat.} 31. Qb6 d4 $1 {[%mdl 512]}) 31. exd4 $2 {[%mdl 8192] [#]} (31. Nxd4 $11 Be5 32. Qb7) 31... Bf3 $1 {Threatens to win with ...Re8.} 32. Qd7 Rc2 33. Qe8+ Bf8 34. Qe3 Rf2+ 35. Kg1 $2 (35. Qxf2 Nxf2 36. Kxf2) 35... Rg2+ 36. Kf1 Rf2+ 37. Kg1 $1 Rg2+ 38. Kf1 Rxg3 {Black is clearly winning.} (38... Rf2+ $2 39. Qxf2 Nxf2 40. Kxf2 $19) 39. Qd2 Bd5 40. a7 Rf3+ 41. Kg1 Nf4 42. Qa5 Rxb3 43. Qxd5 Nxd5 44. a8=Q Nf6 45. Qc6 Kg7 46. Kf2 Rb8 47. Qc7 Rb5 {Precision: White = 40%, Black = 64%.} 0-1

[Event "20th Dubai Open 2018"]
[Site "Dubai"]
[Date "2018.04.10"]
[Round "9"]
[White "Krysa, Leandro"]
[Black "Ashwath, R."]
[Result "1-0"]
[WhiteElo "2543"]
[BlackElo "2250"]
[Annotator "TA"]
[PlyCount "147"]
[EventDate "2018.??.??"]
[EventType "swiss"]
[EventCountry "UAE"]
[SourceTitle "playchess.com"]
[Source "ChessBase"]
[SourceQuality "1"]

{[%evp 12,147,0,0,20,0,0,0,7,0,-3,-8,0,-7,-4,-8,-11,-25,0,0,17,9,6,0,15,14,40,39,39,32,61,71,64,58,78,69,69,74,77,76,112,112,111,111,112,112,110,108,108,108,108,108,108,108,108,103,102,102,124,124,124,124,124,124,124,124,124,124,125,125,125,125,125,125,125,124,124,124,124,124,124,0,124,120,120,86,120,85,85,85,85,85,87,91,91,91,91,92,92,92,285,263,263,0,241,127,127,127,1148,925,1566,1412,1561,1563,1701,1281,1718,1383,1106,1064,12837,2433,1137,186,12839,12840,12840,12841,12845,12845,12845,12843,12846,12847,12847,12847,12848,0]} 1. Nf3 Nf6 2. g3 d5 3. Bg2 c6 4. O-O Bg4 5. h3 Bxf3 6. Bxf3 e5 {A07: Réti Opening: New York and Capablanca Systems} 7. d3 {LiveBook: 34 Games} a5 8. a4 Bc5 {The position is equal.} 9. e4 O-O 10. Nd2 Nbd7 $146 ({Predecessor:} 10... Re8 11. c3 Nbd7 12. Bg2 Ba7 13. exd5 cxd5 14. Nb1 {0-1 (31) Bluebaum,M (2632)-Najer,E (2659) Moscow 2017}) 11. Kg2 Qc7 12. Qe2 Rfe8 13. Rd1 Rad8 14. Nf1 Nf8 15. Bg5 dxe4 16. dxe4 Be7 17. Qc4 Rxd1 18. Rxd1 Rd8 19. Rxd8 Qxd8 20. Ne3 Ne6 21. Bxf6 $1 Bxf6 22. Bg4 Nc7 23. Qc5 Na6 24. Qa7 Qc7 25. Be2 Nb8 26. Nc4 Bd8 27. Nxa5 $1 Qxa5 28. Qxb8 Qc7 29. Qxc7 Bxc7 $16 {[%mdl 4096] Endgame KB-KB} 30. Bg4 Bd8 31. Bc8 b6 32. Bb7 c5 33. Kf3 Bg5 34. Ke2 c4 35. Bd5 Bc1 36. b3 cxb3 37. cxb3 Kf8 38. Kd3 Ke7 39. Kc4 Bb2 40. Kb5 Bd4 41. f3 Kd6 42. Bxf7 g5 43. b4 Bf2 44. Bh5 Be3 45. Ka6 {[#] Strongly threatening Kb7.} Kc7 46. Kb5 Kd6 $1 47. Bg4 Bf2 48. Ka6 Kc7 49. f4 gxf4 50. gxf4 exf4 51. Kb5 Kd6 52. a5 bxa5 53. bxa5 Bg1 54. Kc4 Ke5 55. Bf3 h6 $2 (55... Bf2 $16) 56. Kb5 Kd6 57. Kc4 Ke5 58. Bg2 (58. a6 $18) 58... Bf2 59. Kd3 Ba7 $2 {[%mdl 8192] [#]} (59... f3 $16 60. Bxf3 Be1) 60. Ke2 $1 $18 Kf6 61. Kf3 Bb8 62. Kg4 Kg6 63. a6 h5+ 64. Kf3 Kg5 65. Bf1 Kh4 66. Bc4 (66. e5 $142 Kg5 67. Bd3) 66... Kg5 67. Bb5 $2 (67. Bd3 {aiming for e5!} Kf6 68. h4) 67... Kh4 $2 (67... h4 68. Be2 Kf6) 68. Bd7 {White is clearly winning.} Kg5 69. e5 {[%cal Be4e5,Be5e6][%mdl 32]} Ba7 70. e6 {White threatens e7 and mate.} Kf6 71. Kxf4 h4 72. Ke4 Ke7 73. Kd5 Kd8 74. Ke4 $2 {[%mdl 32768] Precision: White = 65%, Black = 43%. . Sensor Board Error (Ke4/e5)?} ({White should play} 74. Kc6 $18 Ke7 75. Kb7) 1-0